• 首页
  • 本馆介绍
  • 公告通知
  • 最新文献
  • 馆藏检索
  • 电子资源
  • 读者导购
  • 参考咨询
  • 我的图书馆
  • 登录
  • 详细信息显示
  • 放入我的书架
  • 预约/预借图书
  • 作者相关作品
  • 分类相关作品
  • 丛书相关作品
  • 出版社相关作品

书目信息

  • 表格格式
  • 工作单格式
  • 卡片格式
题名:
高血压饮食看这本就够了
    
 
作者: 杨玲 , 于雅婷 主编
分册:  
出版信息: 南京   江苏凤凰科学技术出版社  2020.05
页数: 239页
开本: 24cm
丛书名: 含章新实用系列图书
单 册:
中图分类: R259.441
科图分类:
主题词: 高血压--gao xue ya--食物疗法
电子资源:
ISBN: 978-7-5537-4671-5
000 01146nam 2200289 450
001 CAL 0120203006356
005 20230217093111.0
010    @a978-7-5537-4671-5@dCNY45.00
100    @a20200612d2020 em y0chiy0120 ea
101 0  @achi
102    @aCN@b320000
105    @aa z 000yy
106    @ar
200 1  @a高血压饮食看这本就够了@Agao xue ya yin shi kan zhe ben jiu gou le@f杨玲, 于雅婷主编
210    @a南京@c江苏凤凰科学技术出版社@d2020.05
215    @a239页@c彩图@d24cm
225 2  @a含章新实用系列图书@Ahan zhang xin shi yong xi lie tu shu
300    @a凤凰含章
314    @a杨玲, 云南省玉溪市中医医院院长、主任医师。于雅婷, 主任医师、高级药膳食疗师。
330    @a本书按照循序渐进的原则设置了七章: 高血压是健康的无形杀手、细数60种超级降压食材、详解32种高效降压中药材、7种高血压对症调理药膳、8种高血压并发症饮食调理、特殊人群的高血压调理办法、不吃药的降压疗法等。
410  0 @12001 @a含章新实用系列图书
606 0  @a高血压@Agao xue ya@x食物疗法
690    @aR259.441@v5
701  0 @a杨玲@Ayang ling@4主编
701  0 @a于雅婷@Ayu ya ting@4主编
801  0 @aCN@bBJXHZP@c20230222
905    @b1393211-4@dR259.441@e607@f4
    
    高血压饮食看这本就够了/杨玲, 于雅婷主编.-南京:江苏凤凰科学技术出版社,2020.05
    239页:彩图;24cm.-(含章新实用系列图书)
    凤凰含章
    
    ISBN 978-7-5537-4671-5:CNY45.00
    本书按照循序渐进的原则设置了七章: 高血压是健康的无形杀手、细数60种超级降压食材、详解32种高效降压中药材、7种高血压对症调理药膳、8种高血压并发症饮食调理、特殊人群的高血压调理办法、不吃药的降压疗法等。
●
相关链接 在E读中查询图书 在五车中查询图书 在当当中查询图书 在豆瓣中查询图书


正题名:高血压饮食看这本就够了     索取号:R259.441/607         预约/预借

序号 登录号 条形码 馆藏地/架位号 状态 备注
1 1393211   213932119   第二样本阅览室/ [索取号:R259.441/607] 在馆    
2 1393212   213932128   第三借阅区/ [索取号:R259.441/607] 在馆    
3 1393213   213932137   第三借阅区/ [索取号:R259.441/607] 已借出,限还日期为2026.06.11
借出人:任翠香  
 
4 1393214   213932146   第三借阅区/ [索取号:R259.441/607] 在馆    
唐山师范学院图书馆 欢迎您!
大连网信软件有限公司© 版权所有